Textbook of biochemistry with clinical correlations (Record no. 240973)

MARC details
000 -LEADER
fixed length control field 01049nam a22003017a 4500
003 - CONTROL NUMBER IDENTIFIER
control field St Aloysius Coll
005 - DATE AND TIME OF LATEST TRANSACTION
control field 20260307160813.0
008 - FIXED-LENGTH DATA ELEMENTS--GENERAL INFORMATION
fixed length control field 260228b |||||||| |||| 00| 0 eng d
020 ## - INTERNATIONAL STANDARD BOOK NUMBER
International Standard Book Number 9789354641558
040 ## - CATALOGING SOURCE
Transcribing agency AL
041 ## - LANGUAGE CODE
Language code of text/sound track or separate title English
082 ## - DEWEY DECIMAL CLASSIFICATION NUMBER
Classification number 574.192
Item number DEVT
100 ## - MAIN ENTRY--PERSONAL NAME
Personal name Thomas M Devlin
9 (RLIN) 257183
245 ## - TITLE STATEMENT
Title Textbook of biochemistry with clinical correlations
250 ## - EDITION STATEMENT
Edition statement 7
260 ## - PUBLICATION, DISTRIBUTION, ETC.
Place of publication, distribution, etc. New Delhi
Name of publisher, distributor, etc. Wiley
Date of publication, distribution, etc. 2022
300 ## - PHYSICAL DESCRIPTION
Extent xxxiv, 1205p.
Other physical details HB
Dimensions 28.422cm
365 ## - TRADE PRICE
Source of price type code General
Price type code 6272
Price amount ₹7016.00
Currency code
Unit of pricing ₹8995.00
Price note 22%
Price effective from 23/02/2026
520 ## - SUMMARY, ETC.
Summary, etc. Structure of macromolecules; Transmission of information; Functions of proteins; Metabolic pathways and their control; Physiological processes;
650 ## - SUBJECT ADDED ENTRY--TOPICAL TERM
Source of heading or term Natural sciences
Topical term or geographic name entry element Biochemistry
9 (RLIN) 257184
700 ## - ADDED ENTRY--PERSONAL NAME
Personal name Biswas, Arunima
9 (RLIN) 257185
700 ## - ADDED ENTRY--PERSONAL NAME
Personal name Maruthi, Mulaka
9 (RLIN) 257186
700 ## - ADDED ENTRY--PERSONAL NAME
Personal name Haobam, Reena
9 (RLIN) 257187
700 ## - ADDED ENTRY--PERSONAL NAME
Personal name Bansal, Savita
9 (RLIN) 257188
700 ## - ADDED ENTRY--PERSONAL NAME
Personal name Dubey, Shiv Kumar
9 (RLIN) 257189
700 ## - ADDED ENTRY--PERSONAL NAME
Personal name Singh, Sorokhaibam Jibankumar
9 (RLIN) 257190
942 ## - ADDED ENTRY ELEMENTS (KOHA)
Source of classification or shelving scheme Dewey Decimal Classification
Koha item type Book
Holdings
Withdrawn status Lost status Source of classification or shelving scheme Damaged status Not for loan Collection code Home library Current library Date acquired Source of acquisition Cost, normal purchase price Total Checkouts Full call number Barcode Date last seen Cost, replacement price Price effective from Koha item type
    Dewey Decimal Classification     Bio Chemistry St Aloysius PG Library St Aloysius PG Library 02/27/2026 Biblios Book Point 7016.00   574.192 DEVT PG025226 02/28/2026 8995.00 02/23/2026 Book